LEADER 00832nam a2200241 i 4500 001 991002206219707536 005 20020503162356.0 008 931216s1964 fr ||| | fre 035 $ab10331293-39ule_inst 035 $aEXGIL100009$9ExL 040 $aDip.to Filol. Ling. e Lett.$bita 100 1 $aVoltz, Pierre$0257856 245 13$aLa Comédie /$cPierre Voltz 260 $aParis :$bArmand Colin,$c1964 300 $a470 p. ;$c23 cm. 490 0 $aCollection U. Sér. Lettres françaises 650 4$aCommedia francese 907 $a.b10331293$b21-02-17$c27-06-02 912 $a991002206219707536 945 $aLE008 FL.M. FR. XVI B 9$g1$i2008000308407$lle008$o-$pE0.00$q-$rl$s- $t0$u1$v0$w1$x0$y.i10389556$z27-06-02 996 $aComédie$9165678 997 $aUNISALENTO 998 $ale008$b01-01-93$cm$da $e-$ffre$gfr $h3$i1 LEADER 03575oas 2201369 a 450 001 9910139668503321 005 20251106213014.0 011 $a1464-3863 035 $a(DE-599)ZDB1497471-X 035 $a(DE-599)1497471-X 035 $a(OCoLC)42646267 035 $a(CONSER) 2004252117 035 $a(CKB)954928415969 035 $a(EXLCZ)99954928415969 100 $a19991015a19809999 sy 101 0 $aeng 135 $aurmnu|||||||| 181 $ctxt$2rdacontent 182 $cc$2rdamedia 183 $acr$2rdacarrier 200 10$aStatute law review 210 $a[Oxford, England] $cOxford University Press$d1980- 215 $a1 online resource (volumes) 300 $aRefereed/Peer-reviewed 300 $aTitle from contents (HEIN, viewed January 28, 2004). 311 08$a0144-3593 517 1 $aReview 606 $aStatutes$vPeriodicals 606 $aStatutes$zGreat Britain$vPeriodicals 606 $aDroit$xInterpre?tation$xPe?riodiques 606 $aStatuts$zGrande-Bretagne$xPe?riodiques 606 $aStatuts$xPe?riodiques 606 $aStatutes$2fast$3(OCoLC)fst01132185 606 $aRecht$2gnd 606 $aZeitschrift$2gnd 606 $aOnline-Ressource$2gnd 606 $aDroit$2rasuqam 606 $aInterpre?tation de la loi$2rasuqam 606 $aLe?gislation$2rasuqam 606 $aPolitique publique$2rasuqam 606 $aPouvoir le?gislatif$2rasuqam 606 $aProce?dure le?gislative$2rasuqam 606 $aAdvice and Rights$2ukslc 607 $aGreat Britain$2fast$1https://id.oclc.org/worldcat/entity/E39PBJdmp7p3cx8hpmJ8HvmTpP 607 $aPays du Commonwealth$2rasuqam 607 $aGrande-Bretagne$2rasuqam 607 $aGroßbritannien$2swd 608 $aPeriodicals.$2fast 608 $aPe?riodique e?lectronique (Descripteur de forme)$2rasuqam 608 $aRessource Internet (Descripteur de forme)$2rasuqam 615 0$aStatutes 615 0$aStatutes 615 6$aDroit$xInterpre?tation$xPe?riodiques. 615 6$aStatuts$xPe?riodiques. 615 6$aStatuts$xPe?riodiques. 615 7$aStatutes. 615 7$aRecht 615 7$aZeitschrift. 615 7$aOnline-Ressource 615 7$aDroit. 615 7$aInterpre?tation de la loi. 615 7$aLe?gislation. 615 7$aPolitique publique. 615 7$aPouvoir le?gislatif. 615 17$aProce?dure le?gislative. 615 7$aAdvice and Rights. 676 $a348.41022 712 02$aStatute Law Society 801 0$bIWA 801 1$bIWA 801 2$bOCL 801 2$bOCLCQ 801 2$bWAU 801 2$bILI 801 2$bOCLCQ 801 2$bMUQ 801 2$bEEM 801 2$bOCL 801 2$bUQ1 801 2$bOCLCQ 801 2$bSHS 801 2$bEUX 801 2$bGEBAY 801 2$bOCLCQ 801 2$bOCLCO 801 2$bAGL 801 2$bOCLCF 801 2$bDEBBG 801 2$bOCLCO 801 2$bEUW 801 2$bOCLCQ 801 2$bLND 801 2$bSTBDS 801 2$bNLE 801 2$bUUM 801 2$bTXQ 801 2$bOCLCO 801 2$bOCLCA 801 2$bAU@ 801 2$bUKMGB 801 2$bVT2 801 2$bOCLCA 801 2$bSFB 801 2$bOCLCQ 801 2$bCNMTR 801 2$bSRU 801 2$bVLY 801 2$bQGK 801 2$bOCLCQ 801 2$bUAB 801 2$bOCLCQ 801 2$bOCLCL 801 2$bOCLCQ 906 $aJOURNAL 912 $a9910139668503321 996 $aStatute law review$91893038 997 $aUNINA